000 00443ntaaa2200169 4500
003 01
005 20251027201849.0
008 0714s1973 ag 01
040 _aAR-BaBN
_bspa
_cAR-BaBN
_eaacr
_dRIC
082 _a248.2000 G98
100 _aGutiérrez Marín, C.L.
_95951
245 _aLa vida es mas ....
250 _a1 ed.
260 _aMéxico :
_bUnión Nacional de Sociedades Femeniles Cristianas,
_c1949
300 _a182 p
942 _cBK
999 _c13321
_d13321